01141 2200409 4500001002100000005001700021008004100038035002400079090002200103100002000125245008000145250001100225260004800236300002300284650001900307700001700326850001200343990002100355999002100376999002100397999002200418999002100440990001800461990001800479990001800497990002100515990002100536990002100557990001800578990001800596990001800614990001800632990001800650990002100668990002100689990002100710YOGYA-0209000004579520090227030946.0 ind  0010-020900000045795 a324.6bNaj MlDEP aNAJIB, Mohammad aMasyarakat bertanya KPU DIY menjawabcMohammad Najib ; editor, Eddy Purnama aCet. 1 aYogyakartabKomisi Pemilihan Umum DIYc2005 avii, 93 hlmc20 cm aPemilihan Umum aEddy Purnama aYOPDYOG a12843-PD/A.06b1 a2005-741hCB-D.11 a2005-742hCB-D.11 a2005--743hCB-D.11 a2005-744hCB-D.11 a12843-PD/A.06 a12848-PD/A.05 a12847-PD/A.05 aCB-D.11/2005-741 aCB-D.11/2005-742 aCB-D.11/2005-743 a12844-PD/A.05 a12844-PD/A.06 a12848-PD/A.05 a12847-PD/A.05 a12843-PD/A.06 aCB-D.11/2005-741 aCB-D.11/2005-742 aCB-D.11/2005-743